Hydraulics of groundwater
This text explores the laws and equations governing the flow and storage of groundwater in aquifers. It provides groundwater hydrologists — as well as engineers and planners dealing with the development and management of groundwater resources — with all the necessary tools to forecast the behavior o...
Shranjeno v:
| Glavni avtor: | |
|---|---|
| Format: | Knjiga |
| Jezik: | Undetermined |
| Izdano: |
Mineola, N.Y.
Dover Publications
2007
|
| Teme: | |
| Oznake: |
Označite
Brez oznak, prvi označite!
|
| Thư viện lưu trữ: | Trung tâm Học liệu Trường Đại học Cần Thơ |
|---|
| LEADER | 01065nam a2200241Ia 4500 | ||
|---|---|---|---|
| 001 | CTU_144514 | ||
| 008 | 210402s9999 xx 000 0 und d | ||
| 020 | |c 1006050 | ||
| 082 | |a 551.49 | ||
| 082 | |b B368 | ||
| 100 | |a Bear, Jacob | ||
| 245 | 0 | |a Hydraulics of groundwater | |
| 245 | 0 | |c Jacob Bear | |
| 260 | |a Mineola, N.Y. | ||
| 260 | |b Dover Publications | ||
| 260 | |c 2007 | ||
| 520 | |a This text explores the laws and equations governing the flow and storage of groundwater in aquifers. It provides groundwater hydrologists — as well as engineers and planners dealing with the development and management of groundwater resources — with all the necessary tools to forecast the behavior of a regional aquifer system. 1979 edition. | ||
| 526 | |a Thủy lực nước ngầm | ||
| 526 | |b CN647 | ||
| 650 | |a Groundwater flow,Groundwater,Hydrodynamics | ||
| 650 | |x Dòng chảy nước ngầm,Thuỷ động lực học,Nước ngầm | ||
| 904 | |i Trọng Hiếu | ||
| 980 | |a Trung tâm Học liệu Trường Đại học Cần Thơ | ||